Statistiques concernant 10 Rappeurs lillois

Cliquez ici pour prendre le quiz!

Statistiques générales

  • Ce quiz a été pris 34 fois
  • Le résultat moyen est 4 sur 10

Statistiques - réponses

ProjetRappeur% Correct
L'homme au bobGradur
93%
JuniorJNR Slice
67%
CaméléonZKR
67%
Plus fort que l'OrageBekar
41%
Time Out (vol. 1)Sto
26%
Le Monde ou RienGips
22%
J'rêve mieux qu'avantBen PLG
19%
3e cycle
H JeuneCrack
15%
SeumKonga
4%
LevelSima
4%

Distribution des résultats

Percentile par nombre de réponses

% des personnes avec chaque résultat

Votre développement - résultats

Vous n’avez pas pris ce quiz